|
|
|
|
| LEADER |
00000caa a2200000 c 4500 |
| 001 |
1635551978 |
| 003 |
DE-627 |
| 005 |
20220608105227.0 |
| 007 |
tu |
| 008 |
131219s1987 xx ||||| 00| ||ger c |
| 035 |
|
|
|a (DE-627)1635551978
|
| 035 |
|
|
|a (DE-576)399222286
|
| 035 |
|
|
|a (DE-599)BSZ399222286
|
| 040 |
|
|
|a DE-627
|b ger
|c DE-627
|e rakwb
|
| 041 |
|
|
|a ger
|
| 100 |
1 |
|
|a Pettiti, Louis
|4 aut
|
| 245 |
1 |
4 |
|a Die Rechte der psychisch Kranken in Frankreich
|c Louis Pettiti
|
| 264 |
|
1 |
|c 1987
|
| 336 |
|
|
|a Text
|b txt
|2 rdacontent
|
| 337 |
|
|
|a ohne Hilfsmittel zu benutzen
|b n
|2 rdamedia
|
| 338 |
|
|
|a Band
|b nc
|2 rdacarrier
|
| 773 |
0 |
8 |
|i In
|t Recht & Psychiatrie
|d Köln : Psychiatrie-Verl., 1983
|g 5(1987), Seite 140-143
|w (DE-627)130399531
|w (DE-600)604939-4
|w (DE-576)015903133
|x 0724-2247
|7 nnas
|
| 773 |
1 |
8 |
|g volume:5
|g year:1987
|g pages:140-143
|
| 951 |
|
|
|a AR
|
| ELC |
|
|
|b 1
|
| LOK |
|
|
|0 000 xxxxxcx a22 zn 4500
|
| LOK |
|
|
|0 001 3291964535
|
| LOK |
|
|
|0 003 DE-627
|
| LOK |
|
|
|0 004 1635551978
|
| LOK |
|
|
|0 005 20250220130759
|
| LOK |
|
|
|0 008 131219||||||||||||||||ger|||||||
|
| LOK |
|
|
|0 040
|a DE-21-110
|c DE-627
|d DE-21-110
|
| LOK |
|
|
|0 689
|a s
|a Psychisch Kranke
|
| LOK |
|
|
|0 689
|a s
|a Rechte
|
| LOK |
|
|
|0 689
|a g
|a Frankreich
|
| LOK |
|
|
|0 852
|a DE-21-110
|
| LOK |
|
|
|0 852 1
|m p
|9 00
|
| LOK |
|
|
|0 935
|a k110
|
| LOK |
|
|
|0 938
|k p
|
| LOK |
|
|
|0 939
|a 19-12-13
|b l01
|
| ORI |
|
|
|a SA-MARC-krimdoka001.raw
|